000 00561nam a2200145Ia 4500
008 090122s9999 xx 000 0 und d
082 _b4885
_a891.4684
100 _aनानी
_bपालखीवाला/वि
_c
245 _aवुई द नेशन (वाया गेलली वर्षे )
600 _aनानी
630 _aवुई द नेशन (वाया गेलली वर्षे )
700 _aनानी
730 _aवुई द नेशन (वाया गेलली वर्षे )
942 _cBOOK
999 _c28963
_d28963